Responses for Show #2326 - Monday, October 17, 1994

Contestants

[<< previous game]

George Fries, a civil engineer from Hamilton, New Jersey

Bazil Facchina, an attorney from Washington, D.C.

Eileen Lynch, a project manager from West Windsor, New Jersey (whose 1-day cash winnings total $10,500)

[next game >>]

Jeopardy! Round responses

HISTORIC AMERICA
THE MOVIES
NAMES
BODIES OF WATER
APPROXIMATE WEIGHTS & MEASURES
"SILVER"
    $100 6
(Noah) Webster

Eileen
    $100 11
William Powell

George
    $100 1
(Alex: Deb...uh, Eileen.)

a bee

Eileen
    $100 16
the Ganges

George
    $100 26
bounds

Eileen
    $100 21
silver-tongued

Eileen
    $200 7
Virginia

Bazil
    $200 12
Sam Houston

Eileen
    $200 2
(Eileen: What is June?)

April

EileenBazil
    $200 17
the Mediterranean

Bazil
    $200 27
(Eileen: What is zero?)

zillion

EileenBazil
    $200 22
silver certificate

George
    $300 8
(Eileen: What is Utah?)

Salt Lake City

EileenGeorge
    $300 13
Babe Ruth

Eileen
    $300 3
white

Eileen
    $300 18
the Pacific

Eileen
    $300 28
(Alex: "Anatomically speaking", it can be a real [*].)

earful

Triple Stumper
    $300 23
the Silver Fox

Eileen
    $400 9
Blair House

Eileen
    $400 14
"it's the life in your men."

George
    $400 4
Taffy

Eileen
    $400 19
Scotland

Eileen
    $400 29
a lot

Eileen
    $400 24
a silverfish

George
    $500 10
Juliette Low

Eileen
    $500 15
(Alex: And [*] will never forgive you for forgetting him in that particular picture.)

Don Knotts

Triple Stumper
    $500 5
Wesley

Eileen
    $500 20
(Eileen: What is Lake Titicaca?)

Lake Managua

EileenBazil
    $500 30
a bloc

Bazil
    $500 25
silver nitrate

Eileen

Scores at the first commercial break (after clue 15):

Eileen Bazil George
$2,300 $400 $800

Scores at the end of the Jeopardy! Round:

Eileen Bazil George
$3,700 $1,800 $1,500

Double Jeopardy! Round responses

EXPLORERS
FLOWERS
THE DEPT. OF COMMERCE
MYTHOLOGICAL OPERAS
NATIONAL PARKS
AUTHORS AT WAR
    $200 1
New Zealand

Bazil
    $200 21
bats

Bazil
    $200 2
Information

Bazil
    $200 7
Wagner

Bazil
    $200 12
The Everglades

Eileen
    $200 26
Cervantes

Eileen
    $400 17
(Eileen: What is Oregon?)

Montana

EileenBazil
    $400 22
the African violet

Eileen
    $400 3
every ten years

Bazil
    $400 8
Venus

Eileen
    $400 13
Arkansas

Eileen
    $500 27
(Alex: And we have 3 more clues to get to in this round.)

Tolstoy

Eileen
    $600 18
Brazil

Eileen
    $600 23
(Eileen: What is sulfur?)

chlorine

EileenBazil
    $600 4
Secretary of Commerce

Bazil
    $600 9
Diana

Eileen
    $600 14
Mammoth Cave

Bazil
    $600 28
Solzhenitsyn

Eileen
    $800 19
(Eileen: Who is Livingstone?)
(Bazil: Who is Park?)
...
(Alex: The rival of Speke, [*].)

Sir Richard Burton

EileenBazil
Triple Stumper
    $800 24
(George: What is red?)

blue

George
Triple Stumper
    $800 5
a patent

George
    $800 10
Helen (of Troy)

Bazil
    $600 15
(Bazil: Who is Young?)
(Alex: No, sorry. What is [*] Canyon. Ebeneezer [*].)

Bryce

Bazil
    $800 29
Edith Wharton

Eileen
    $1000 20
Amundsen

Eileen
    $1000 25
the arbutus

Bazil
    $1000 6
the Department of Labor

Eileen
    $1000 11
Ovid

Bazil
    $1000 16
(Bazil: What is Guam?)
(Eileen: What are the Virgin Islands?)
...
(Alex: Yes, "in the Pacific".)

American Samoa

EileenBazilGeorge
    $1000 30
James Dickey

George

Scores at the end of the Double Jeopardy! Round:

Eileen Bazil George
$7,600 $5,600 $3,500

[wagering suggestions for these scores]

Final Jeopardy! Round responses

BUSINESS & INDUSTRY
(Alex: And it is now one of the largest airlines in the United States and in the world.)
GeorgeWhat is TWA?
$2,200
BazilWhat is United Airlines?
$2,050
EileenWhat is Boeing Aircraft
$3,601
United Airlines

Final scores:

Eileen Bazil George
$3,999 $7,650 $1,300
2nd place: trip for 2 to Mexico City and Zihuatanejo New champion: $7,650 3rd place: Lane Venture wicker furniture

Game dynamics:

Coryat scores:

Eileen Bazil George
$7,500 $6,200 $3,500
28 R
(including 2 DDs),
8 W
18 R,
3 W
(including 1 DD)
9 R,
1 W

Combined Coryat: $17,200

[game clues] [game scores] [suggest correction]

Game tape date: 1994-08-24
The J! Archive is created by fans, for fans. Scraping, republication, monetization, and malicious use prohibited; this site may use cookies and collect identifying information. See terms. The Jeopardy! game show and all elements thereof, including but not limited to copyright and trademark thereto, are the property of Jeopardy Productions, Inc. and are protected under law. This website is not affiliated with, sponsored by, or operated by Jeopardy Productions, Inc. Join the discussion at JBoard.tv.